| 000 | 00595nam a22002057a 4500 | ||
|---|---|---|---|
| 005 | 20240627102039.0 | ||
| 008 | 240627b |||||||| |||| 00| 0 eng d | ||
| 020 | _a9780071802130 | ||
| 082 |
_a616 _bHAR |
||
| 245 |
_aHarrison's Principles of internal Medicine : _bDisease pathogenesis and treatment / _cKasper, Fauci, Hauser |
||
| 250 | _a19th ed. | ||
| 260 |
_aUSA; _bLibrary of congress ; _c2015 |
||
| 300 |
_axxxviii; 2770 p. _bill; _c27 cm. |
||
| 490 | _vvol 2. | ||
| 500 | _ainclude index . | ||
| 650 | _aMedical / Medicine | ||
| 700 | _aKasper, | ||
| 700 | _aFauci, | ||
| 999 |
_c35979 _d35979 |
||